Are You Satisfied? - Statistics

General Stats
  • This quiz has been taken 60 times
  • The average score is 244 of 318
Answer Stats
% Correct
a
98%
I
98%
Are
95%
are
95%
the
95%
The
95%
an
93%
life
93%
life?
93%
life,
93%
my
93%
satisfied
93%
satisfied?
93%
satisfied,
93%
to
93%
To
93%
you
93%
You
93%
with
90%
With
90%
average
88%
do
88%
Do
88%
if
88%
If
88%
need
88%
no
88%
not
85%
was
85%
Was
85%
and
83%
And
83%
feel
83%
me
83%
that
83%
about
80%
be
80%
is
80%
just
80%
on
80%
see
80%
see?
80%
don't
78%
happy
78%
In
78%
in
78%
It's
78%
it's
78%
problem
78%
problem,
78%
change?
76%
day
76%
got
76%
lie
76%
"Marina
76%
free
73%
I'm
73%
pulling
73%
say
73%
want
73%
die
71%
meant
71%
way
71%
chemically
68%
dreamer"
68%
everybody
68%
for
68%
hair
68%
make
68%
tell
68%
They
68%
what
68%
who
68%
will
68%
deal,
66%
gonna
66%
like
66%
One
66%
out
66%
said,
66%
Baby,
63%
calm
63%
comes
63%
nothing
63%
Oh,
63%
pretending
63%
am
61%
control
61%
freak
61%
have
61%
People
61%
you're
61%
cream
59%
friends
59%
High
59%
succeed
59%
by
56%
can
56%
easy
56%
never
56%
achiever,
54%
believe
54%
driven
54%
give
54%
greed
54%
how
54%
up
54%
damn
51%
cat
49%
cause
49%
hide
49%
Nobody
49%
drink
46%
fast
46%
stop
46%
smoke
44%
away
39%
run
39%
business
37%
this
37%
pack
34%
sway
32%
Once
29%
ride?
29%
inside
27%
line,
27%
Sad
27%
cross
24%
waitin'
22%
prayin'
17%
unsatisfied,
17%
Black,
15%
white
15%
No matching quizzes found
Score Distribution
Percent of People with Each Score
Percentile by Number Answered
Your Score History
You have not taken this quiz